000 00378pab a2200157 454500
008 180718b2009 xxu||||| |||| 00| 0 eng d
100 _aKammardi, T.N. Prakash
245 _aDiversification: a ploy to reduce support to agriculture?
260 _c2009
300 _ap.40-43.
362 _aMar
650 _aAgriculture
773 _aSeminar
908 _aN
909 _a82047
999 _c82047
_d82047